Catalog

Record Details

Catalog Search



Available copies

  • 1 of 1 copy available at LARL/NWRL Consortium.
  • 1 of 1 copy available at Northwest Regional Library. (Show)

Current holds

0 current holds with 1 total copy.

Show Only Available Copies
Location Call Number / Copy Notes Barcode Shelving Location Status Due Date
Greenbush Public Library REI (Text) 35500006881807 Main Available -

Record details

  • ISBN: 9798987834732
  • Physical Description: 310 pages ; 21 cm.
  • Publisher: [Place of publication not identified] : Megan Reinking, 2025.
Subject: Man-woman relationships > Fiction.
Man-woman relationships.
FICTION / Romance / Contemporary.
FICTION / Small Town & Rural.
Genre: Romance fiction.
Love stories.
Romance fiction.
LDR 00496cam a2200181M 4500
001469791
003LARL_NWRL_CONSORTIUM
00520250822115127.0
008250521s2025 xx 0|| 0 eng d
040 . ‡aYDX ‡beng ‡cYDX ‡dOCLCO
020 . ‡a9798987834732
035 . ‡a(OCoLC)1520210544
1001 . ‡aReinking, Megan.
24510. ‡aIf you say so / ‡cMegan Reinking.
264 1. ‡a[Place of publication not identified] : ‡bMegan Reinking, ‡c2025.
300 . ‡a310 pages ; ‡c21 cm.
336 . ‡atext ‡btxt ‡2rdacontent
337 . ‡aunmediated ‡bn ‡2rdamedia
338 . ‡avolume ‡bnc ‡2rdacarrier
4900 . ‡aRuby Lodge ; ‡v2
650 0. ‡aMan-woman relationships ‡vFiction. ‡0(LARL_NWRL_CONSORTIUM)165985
650 7. ‡aMan-woman relationships. ‡2fast ‡0(LARL_NWRL_CONSORTIUM)38460
650 7. ‡aFICTION / Romance / Contemporary. ‡2bisacsh
650 7. ‡aFICTION / Small Town & Rural. ‡2bisacsh
655 7. ‡aRomance fiction. ‡2fast
655 7. ‡aLove stories. ‡2gsafd
655 7. ‡aRomance fiction. ‡2lcgft
901 . ‡a469791 ‡bAUTOGEN ‡c469791 ‡tbiblio

Additional Resources